Países que conducen por la izquierda - Estadísticas

Estadísticas generales
  • Esta prueba ha sido intentada 49 veces
  • La puntuación promedio es 35 de 52
Estadísticas de respuestas
Respuesta % Correcto
Reino Unido
100%
Australia
95%
Nueva Zelanda
95%
India
88%
Irlanda
88%
Indonesia
86%
Japon
86%
Sudafrica
86%
Kenia
79%
Malasia
79%
Singapur
77%
Tailandia
77%
Papua Nueva Guinea
74%
Tuvalu
74%
Uganda
74%
Samoa
72%
Sri Lanka
72%
Banglades
70%
Botsuana
70%
Jamaica
70%
Mozambique
70%
Pakistan
70%
Zambia
70%
Antigua y Barbuda
67%
Islas Salomon
67%
Kiribati
67%
Namibia
67%
Nauru
67%
Suazilandia/Esuatini/Eswatini
67%
Tanzania
67%
Zimbabue
67%
Tonga
65%
Trinidad y Tobago
65%
Brunei
63%
Malaui
60%
Maldivas
60%
San Vicente y las Granadinas
60%
Bahamas
58%
Barbados
58%
Butan
58%
Mauricio
58%
Nepal
58%
Santa Lucia
58%
Granada
56%
San Cristobal y Nieves
56%
Timor Oriental
56%
Malta
51%
Dominica
49%
Guyana
47%
Surinam
47%
Chipre
40%
Fiji
14%
No se encontraron pruebas coincidentes
Distribución de puntuación
Porcentaje de gente con cada puntuación
Porcentaje por número respondido
Historial de tus puntuaciones
No has intentado esta prueba.